LEADER 00910nam a2200229 i 4500 001 000000070441 003 CaOOAMICUS 005 20080820000000.0 008 080820s1961 fr u000 u fre u 013 $a41613 040 $aSeMil$bita 100 1 $aBourricaud, François.$0(OLS)http://semarc/name/14735 245 10$aEsquisse d'une théorie de l'autorité /$cFrançois Bourricaud. 260 $aParis :$bPlon,$cc1961. 300 $a422 p. ;$c20 cm. 490 0 $aRecherches en sciences humaines ;$v15 650 4$aAutorità.$0(OLS)http://semarc/subject/9383 830 0$aRecherches en sciences humaines ;$v15.$0(OLS)http://semarc/title/26233 850 $aSeMil 852 $aSeMil$W1$xVenegono$y1$m2P II 353$j36594$B36594$CSeMilBibl$Z2$F36597 $81 996 $6245$aEsquisse d'une théorie de l'autorité$9(OLS)http://semarc/title/113098 996 $6260$aParis :$bPlon$9(OLS)http://semarc/publisher/32056 LEADER 01420nam a2200301 i 4500 001 000000104468 003 CaOOAMICUS 005 20250709121949.0 008 050302s2001 it u000 u ita u 013 $a76657 020 $a88-02-05748-6 040 $aSeMil$bita 100 1 $aAbbagnano, Nicola,$d<1901-1990>.$0(OLS)http://semarc/name/17 245 10$aScritti neoilluministici, 1948-1965 /$cdi Nicola Abbagnano ; a cura di Bruno Maiorca ; introduzione di Pietro Rossi e Carlo Augusto Viano. 264 1$aTorino :$bUnione Tipografico-Editrice Torinese,$c2001. 300 $a476 p., [6] carte di tav. :$bill. ;$c24 cm 490 0 $aClassici della filosofia 700 1 $aViano, Carlo Augusto,$d<1929-2019>.$0(OLS)http://semarc/name/1396 700 1 $aRossi, Pietro,$d<1930-2023>.$0(OLS)http://semarc/name/1395 700 1 $aMaiorca, Bruno,$d<1938- >.$0(OLS)http://semarc/name/15521 830 0$aClassici della filosofia .$0(OLS)http://semarc/title/454429 850 $aSeMil 852 $aSeMil$W1$xVenegono$y1$m2LA C 65$j259389$B60856$CSeMilBibl$Z2$F70572 $81 961 $aSottoscrizione: UTET (Agente) 996 $6020$a88-02-05748-6$9(OLS)http://semarc/number/84424 996 $6245$aScritti neoilluministici, 1948-1965$9(OLS)http://semarc/title/151477 996 $6264$aTorino :$bUnione Tipografico-Editrice Torinese$9(OLS)http://semarc/publisher/29628